Stretching manual profesional: técnicas de estiramiento muscular para aplicaciones clínicas y deportivas
Saved in:
| Main Authors: | , , , |
|---|---|
| 格式: | 圖書 |
| 語言: | 西班牙语 |
| 出版: |
Barcelona
OcéanoAmbar
2007
|
| 版: | 2a. ed |
| 叢編: | Biomédica Manuales Profesionales
|
| 主題: | |
| 標簽: |
添加標簽
沒有標簽, 成為第一個標記此記錄!
|
MARC
| LEADER | 00000nam a2200000 a 4500 | ||
|---|---|---|---|
| 001 | UCI4493 | ||
| 003 | CL-VaPUC | ||
| 008 | 080118e20070000SP |||||||||||||||||spa|d | ||
| 020 | |a 9788475564807 | ||
| 082 | 0 | 4 | |a 613.711 |b MOS |2 21 |
| 100 | |a Mosca, Umberto |e autor |9 526423 | ||
| 700 | 0 | |a Colizzi, Claudio |e author |9 526424 | |
| 700 | 0 | |a Comba, Lilia |e author |9 526425 | |
| 700 | 0 | |a Durand, Miriam |e author |9 526426 | |
| 245 | 1 | 0 | |a Stretching manual profesional: técnicas de estiramiento muscular para aplicaciones clínicas y deportivas |
| 250 | |a 2a. ed | ||
| 300 | |a 255 p | ||
| 942 | |c BK | ||
| 945 | |d 20080118 00:00:00 |a jtorresc | ||
| 260 | |a Barcelona |b OcéanoAmbar |c 2007 | ||
| 650 | 7 | |a SISTEMA MUSCULO ESQUELETICO |2 CL-VaPUC |9 477666 | |
| 650 | 0 | |a Ejercicios físicos |9 307296 | |
| 650 | 7 | |a STRETCHING |2 CL-VaPUC |9 453678 | |
| 650 | 7 | |a ESTIRAMIENTO |2 CL-VaPUC |9 426665 | |
| 650 | 7 | |a ENTRENAMIENTO ATLETICO |2 CL-VaPUC |9 526427 | |
| 583 | |a last modification |c 20080118 00:00:00 |k Rodrigo Vera | ||
| 490 | 0 | |a Biomédica Manuales Profesionales | |
| 999 | |c 328423 |d 328421 | ||
| 952 | |0 0 |1 0 |4 0 |6 613_711000000000000_MOS_2007 |7 0 |8 A |9 412323 |a BIBEDU |b BIBEDU |d 2019-11-22 |i 4403746 |o 613.711 MOS 2007 |p 4403746 |r 2019-11-22 |w 2019-11-22 |y BK |k EFI | ||